000 00488nmm a2200157Ia 4500
008 251105s9999||||xx |||||||||||||||||und||
041 _aspa
100 _aCalle Cabrero, Julio
245 0 _aDiseño en 3D con sketchup
264 _a[Madrid, España] :
_bMinisterio de Educación, Cultura y Deporte de España,
_c2013
300 _a192 páginas
490 _aAula Mentor
650 _aTechnology and computing
856 _uhttps://public.digitaliapublishing.com/a/27733
942 _cCF
999 _c98428
_d98428